| 000 | 00494nam a2200181 a 4500 | ||
|---|---|---|---|
| 005 | 20140310183146.0 | ||
| 008 | 020823s19uu xx 00 eng d | ||
| 020 | _a0785270272 | ||
| 050 |
_aHD 57.7 _b.M394 1993 |
||
| 100 | _aMaxwell, John C. | ||
| 245 |
_aDeveloping the leader within you / _cJohn C. MAxwell. |
||
| 260 |
_aNashville : _bT. Nelson, _c1993. |
||
| 300 |
_a178 p. : _bill. ; _c22 cm. |
||
| 521 | _aBSBA | ||
| 650 | _aLeadership | ||
| 942 |
_cBK _2lcc _kFOR |
||
| 999 |
_c19548 _d19548 |
||